Kai Madgwick
Durham A
Categories
History - European History | 0 | 5 | 0 | 0 | 50 | 25 | 67.00 | 2 | 4 |
Science - Physics | 0 | 5 | 0 | 0 | 50 | 69 | 89.20 | 1 | 5 |
History - World History | 0 | 5 | 2 | 2 | 40 | 58 | 101.60 | 1 | 2 |
Other | 0 | 4 | 0 | 1 | 40 | 53 | 72.00 | 2 | 3 |
History - Other History | 0 | 4 | 2 | 0 | 30 | 69 | 86.50 | 0 | 1 |
Religion | 0 | 2 | 0 | 2 | 20 | 124 | 128.50 | 0 | 0 |
Science - Other Science | 0 | 2 | 0 | 0 | 20 | 63 | 65.00 | 2 | 2 |
Literature - British Literature | 0 | 1 | 0 | 0 | 10 | 19 | 19.00 | 1 | 1 |
Fine Arts - Other Fine Arts | 0 | 1 | 0 | 0 | 10 | 56 | 56.00 | 1 | 1 |
Science - Biology | 0 | 1 | 0 | 0 | 10 | 85 | 85.00 | 0 | 1 |
History - American History | 0 | 1 | 3 | 0 | -5 | 101 | 101.00 | 1 | 1 |